000 00325nam a2200097Ia 4500
008 220120s9999||||xx |||||||||||||| ||und||
100 _aAnil N, Pramod M.R and Archan M.N
_912394
245 0 _aAdsense effective online advertisement system
260 _aCoorg Institute of Technology
_bPonnampet
_c2012
650 _aCOMPUTER SCIENCE
999 _c137981
_d137981